Effect of Alumina Nanofibers Content on the Microstructure and Properties of ATZ Composites Fabricated by Spark Plasma Sintering; Materials Today: Proceedings; Vol. 11, Pt. 1 : International Conference on Modern Trends in Manufacturing Technologies and Equipment 2018

Bibliographische Detailangaben
Parent link:Materials Today: Proceedings
Vol. 11, Pt. 1 : International Conference on Modern Trends in Manufacturing Technologies and Equipment 2018.— 2019.— [P. 66-71]
1. Verfasser: Leonov A. A. Andrey Andreevich
Körperschaft: Национальный исследовательский Томский политехнический университет Инженерная школа новых производственных технологий Отделение материаловедения
Zusammenfassung:Title screen
In this work, 3 mol.% yttria-stabilized zirconia was used as a matrix for the fabrication of alumina toughened zirconia (ATZ) composites. Alumina nanofibers were reinforcing additives with an amount of 1, 5 and 10 wt.%. Fully dense ATZ composites were obtained by spark plasma sintering. Microstructure observations of the composites showed the mixed fracture mode, which favorably affects the fracture toughness. It is shown that the fracture toughness and Vickers microhardness of ATZ composites were significantly improved by the addition of Al2O3 nanofibers compared with monolithic ZrO2. The fracture toughness of composite with 1 wt.% nanofibers addition is 4.40 MPa·m1/2. The microhardness of composite with 5 wt.% nanofibers is 16.75 GPa. The toughening and strengthening mechanisms were analyzed.
Режим доступа: по договору с организацией-держателем ресурса
Sprache:Englisch
Veröffentlicht: 2019
Schlagworte:
Online-Zugang:https://doi.org/10.1016/j.matpr.2018.12.108
Format: MixedMaterials Elektronisch Buchkapitel
KOHA link:https://koha.lib.tpu.ru/cgi-bin/koha/opac-detail.pl?biblionumber=661008

MARC

LEADER 00000naa0a2200000 4500
001 661008
005 20250829104030.0
035 |a (RuTPU)RU\TPU\network\31213 
035 |a RU\TPU\network\20976 
090 |a 661008 
100 |a 20191118d2019 k||y0engy50 ba 
101 0 |a eng 
135 |a drcn ---uucaa 
181 0 |a i  
182 0 |a b 
200 1 |a Effect of Alumina Nanofibers Content on the Microstructure and Properties of ATZ Composites Fabricated by Spark Plasma Sintering  |f A. A. Leonov 
203 |a Text  |c electronic 
300 |a Title screen 
320 |a [References: 18 tit.] 
330 |a In this work, 3 mol.% yttria-stabilized zirconia was used as a matrix for the fabrication of alumina toughened zirconia (ATZ) composites. Alumina nanofibers were reinforcing additives with an amount of 1, 5 and 10 wt.%. Fully dense ATZ composites were obtained by spark plasma sintering. Microstructure observations of the composites showed the mixed fracture mode, which favorably affects the fracture toughness. It is shown that the fracture toughness and Vickers microhardness of ATZ composites were significantly improved by the addition of Al2O3 nanofibers compared with monolithic ZrO2. The fracture toughness of composite with 1 wt.% nanofibers addition is 4.40 MPa·m1/2. The microhardness of composite with 5 wt.% nanofibers is 16.75 GPa. The toughening and strengthening mechanisms were analyzed. 
333 |a Режим доступа: по договору с организацией-держателем ресурса 
461 |t Materials Today: Proceedings 
463 |t Vol. 11, Pt. 1 : International Conference on Modern Trends in Manufacturing Technologies and Equipment 2018  |v [P. 66-71]  |d 2019 
610 1 |a электронный ресурс 
610 1 |a труды учёных ТПУ 
610 1 |a глиноземы 
610 1 |a нановолокна 
610 1 |a микроструктура 
610 1 |a композиты 
610 1 |a плазменное спекание 
700 1 |a Leonov  |b A. A.  |c Specialist in the field of material science  |c Specialist in educational and methodical work of Tomsk Polytechnic University  |f 1991-  |g Andrey Andreevich  |3 (RuTPU)RU\TPU\pers\38521 
712 0 2 |a Национальный исследовательский Томский политехнический университет  |b Инженерная школа новых производственных технологий  |b Отделение материаловедения  |3 (RuTPU)RU\TPU\col\23508 
801 2 |a RU  |b 63413507  |c 20191118  |g RCR 
856 4 |u https://doi.org/10.1016/j.matpr.2018.12.108 
942 |c CF